[Event "46th GRE-chT Premier 2018"]
[Site "Rio Achaia"]
[Date "2018.07.11"]
[Round "3"]
[White "Istratescu, Andrei"]
[Black "Drakoulakos, Grigorios"]
[Result "1-0"]
[WhiteElo "2575"]
[BlackElo "2276"]
[Annotator "TA"]
[PlyCount "65"]
[EventDate "2018.07.10"]
[EventType "team-tourn"]
[EventCountry "GRE"]
[SourceTitle "playchess.com"]
[Source "ChessBase"]
[SourceQuality "1"]

1. e4 c5 2. Nf3 d6 3. d4 cxd4 4. Nxd4 Nf6 5. Nc3 a6 6. f3 e5 7. Nb3 Be6 8. Be3 Be7 9. Qd2 O-O 10. O-O-O Nbd7 11. g4 b5 12. g5 b4 13. gxf6 bxc3 14. Qxc3 Nxf6 15. Na5 Qd7 16. Nc6 Rfc8 17. Nxe7+ Qxe7 18. Qa5 Qb7 19. Rg1 Qc6 20. Rd2 Kh8 21. b3 h6 22. Bd3 d5 23. Rdg2 Nh5 24. Kb2 Bh3 25. Rf2 Nf6 26. exd5 Qxd5 27. Qd2 h5 28. Rg3 Qd7 29. Bc4 Qb7 30. Rxh3 Rxc4 31. Bg5 Qc8 32. Bxf6 Qxh3 33. Qh6+ 1-0

[Event "46th GRE-chT Premier 2018"]
[Site "Rio Achaia"]
[Date "2018.07.11"]
[Round "3"]
[White "Fier, Alexandr"]
[Black "Fedorchuk, Sergey A"]
[Result "1/2-1/2"]
[WhiteElo "2570"]
[BlackElo "2626"]
[Annotator "TA"]
[PlyCount "61"]
[EventDate "2018.07.10"]
[EventType "team-tourn"]
[EventCountry "GRE"]
[SourceTitle "playchess.com"]
[Source "ChessBase"]
[SourceQuality "1"]

1. e4 e5 2. Nf3 Nc6 3. Bb5 Nf6 4. d3 Bc5 5. c3 O-O 6. O-O Re8 7. Re1 a6 8. Ba4 b5 9. Bc2 d6 10. h3 h6 11. Nbd2 Bb6 12. Nf1 Ne7 13. Ng3 Ng6 14. d4 Bb7 15. Be3 exd4 16. cxd4 Ba5 17. Bd2 Bxd2 18. Qxd2 c5 19. Rad1 Qc7 20. h4 Rad8 21. h5 Nf8 22. d5 N8d7 23. Nh4 Bc8 24. f4 c4 25. Nhf5 Qc5+ 26. Qd4 Qxd4+ 27. Nxd4 Nc5 28. Nc6 Bg4 29. Nxd8 Bxd1 30. Rxd1 Rxd8 31. Kf2 1/2-1/2

[Event "46th GRE-chT Premier 2018"]
[Site "Rio Achaia"]
[Date "2018.07.11"]
[Round "3"]
[White "Nikolov, Momchil"]
[Black "Lekic, Dusan"]
[Result "1/2-1/2"]
[WhiteElo "2551"]
[BlackElo "2356"]
[Annotator "TA"]
[PlyCount "54"]
[EventDate "2018.07.10"]
[EventType "team-tourn"]
[EventCountry "GRE"]
[SourceTitle "playchess.com"]
[Source "ChessBase"]
[SourceQuality "1"]

1. d4 d5 2. c4 c6 3. Nf3 Nf6 4. Nc3 e6 5. e3 Nbd7 6. Qc2 Bd6 7. Bd3 O-O 8. O-O dxc4 9. Bxc4 b5 10. Be2 Bb7 11. e4 e5 12. dxe5 Nxe5 13. Nd4 Neg4 14. g3 Re8 15. Nf5 Bc5 16. Bf4 Qb6 17. Kg2 g6 18. h3 gxf5 19. hxg4 Bd4 20. gxf5 Bxc3 21. Qxc3 Nxe4 22. Qc2 c5 23. Bf3 c4 24. Be3 Qc7 25. Bf4 Qb6 26. Be3 Qc7 27. Bf4 Qb6 1/2-1/2

[Event "46th GRE-chT Premier 2018"]
[Site "Rio Achaia"]
[Date "2018.07.11"]
[Round "3"]
[White "David, Alberto"]
[Black "Saric, Ivan"]
[Result "0-1"]
[WhiteElo "2549"]
[BlackElo "2689"]
[Annotator "TA"]
[PlyCount "60"]
[EventDate "2018.07.10"]
[EventType "team-tourn"]
[EventCountry "GRE"]
[SourceTitle "playchess.com"]
[Source "ChessBase"]
[SourceQuality "1"]

1. Nf3 c5 2. g3 Nc6 3. Bg2 g6 4. d4 cxd4 5. Nxd4 Bg7 6. Nb3 Nf6 7. c4 a5 8. Na3 a4 9. Nd4 O-O 10. Ndb5 d6 11. O-O Be6 12. Nc3 Nd7 13. Be3 Qa5 14. Bd2 Qh5 15. Rb1 Nde5 16. Nd5 g5 17. Bc3 Bh3 18. f3 Bxg2 19. Kxg2 e6 20. Ne3 Rad8 21. f4 gxf4 22. gxf4 f5 23. Qe1 Rf6 24. Kh1 Rh6 25. Rf2 Ng4 26. Nxg4 fxg4 27. Bxg7 Kxg7 28. Qc3+ e5 29. Nc2 Rf8 30. Qg3 Qf5 0-1

[Event "46th GRE-chT Premier 2018"]
[Site "Rio Achaia"]
[Date "2018.07.11"]
[Round "3"]
[White "Baron, Tal"]
[Black "Tsanas, Athanasios"]
[Result "1-0"]
[WhiteElo "2530"]
[BlackElo "2302"]
[Annotator "TA"]
[PlyCount "59"]
[EventDate "2018.07.10"]
[EventType "team-tourn"]
[EventCountry "GRE"]
[SourceTitle "playchess.com"]
[Source "ChessBase"]
[SourceQuality "1"]

1. d4 Nf6 2. c4 e6 3. Nc3 Bb4 4. f3 d5 5. a3 Bxc3+ 6. bxc3 c5 7. cxd5 exd5 8. e3 O-O 9. Bd3 b6 10. Ne2 Ba6 11. O-O Re8 12. Ng3 Bxd3 13. Qxd3 Nc6 14. Bb2 Rc8 15. Rae1 Na5 16. e4 Qc7 17. e5 Nd7 18. Rf2 cxd4 19. cxd4 Qc4 20. Qf5 Nf8 21. Qg4 Rc6 22. f4 Rg6 23. Qf3 Qb3 24. Re3 Qb5 25. f5 Rh6 26. f6 g6 27. Qg4 Nc4 28. Qg5 Nxe3 29. Qxh6 Ne6 30. Qxe3 1-0

[Event "46th GRE-chT Premier 2018"]
[Site "Rio Achaia"]
[Date "2018.07.11"]
[Round "3"]
[White "Kelires, Andreas"]
[Black "Kuljasevic, Davorin"]
[Result "1/2-1/2"]
[WhiteElo "2530"]
[BlackElo "2545"]
[Annotator "TA"]
[PlyCount "40"]
[EventDate "2018.07.10"]
[EventType "team-tourn"]
[EventCountry "GRE"]
[SourceTitle "playchess.com"]
[Source "ChessBase"]
[SourceQuality "1"]

1. d4 Nf6 2. c4 e6 3. g3 d5 4. Bg2 Bb4+ 5. Bd2 Be7 6. Nf3 O-O 7. O-O Nbd7 8. Qc2 c6 9. a4 a5 10. Nc3 dxc4 11. e4 e5 12. dxe5 Ng4 13. e6 fxe6 14. h3 Nge5 15. Nd4 Nc5 16. Be3 Qb6 17. Nce2 Qb4 18. Bd2 Qb6 19. Be3 Qb4 20. Bd2 Qb6 1/2-1/2

[Event "46th GRE-chT Premier 2018"]
[Site "Rio Achaia"]
[Date "2018.07.11"]
[Round "3"]
[White "Warakomski, Tomasz"]
[Black "Zysk, Robert"]
[Result "1-0"]
[WhiteElo "2505"]
[BlackElo "2421"]
[Annotator "TA"]
[PlyCount "59"]
[EventDate "2018.07.10"]
[EventType "team-tourn"]
[EventCountry "GRE"]
[SourceTitle "playchess.com"]
[Source "ChessBase"]
[SourceQuality "1"]

1. e4 e6 2. d4 d5 3. Nc3 Bb4 4. e5 c5 5. a3 Bxc3+ 6. bxc3 Ne7 7. Qg4 Kf8 8. Qd1 Qc7 9. Nf3 h6 10. h4 b6 11. h5 Ba6 12. Rh4 Bxf1 13. Kxf1 Nd7 14. Bd2 Rc8 15. Rc1 Qc6 16. Rf4 Ke8 17. Kg1 Rf8 18. Nh4 f5 19. exf6 Rxf6 20. Qg4 Kf7 21. Ng6 Rg8 22. Rxf6+ Nxf6 23. Ne5+ Ke8 24. Qf3 Qa4 25. Bxh6 Nf5 26. Bg5 Ne4 27. h6 g6 28. Qg4 Qxa3 29. h7 Rh8 30. Bf4 1-0

[Event "46th GRE-chT Premier 2018"]
[Site "Rio Achaia"]
[Date "2018.07.11"]
[Round "3"]
[White "Shoker, Samy"]
[Black "Mastrovasilis, Athanasios"]
[Result "0-1"]
[WhiteElo "2482"]
[BlackElo "2497"]
[Annotator "TA"]
[PlyCount "136"]
[EventDate "2018.07.10"]
[EventType "team-tourn"]
[EventCountry "GRE"]
[SourceTitle "playchess.com"]
[Source "ChessBase"]
[SourceQuality "1"]

1. Nf3 d5 2. g3 Nf6 3. Bg2 c6 4. c4 Bf5 5. b3 e6 6. O-O Be7 7. Bb2 O-O 8. d3 h6 9. Nbd2 a5 10. a3 Na6 11. Ra2 Bh7 12. Qa1 Nc5 13. Bc3 Ra6 14. Rc1 Re8 15. b4 axb4 16. axb4 Rxa2 17. Qxa2 Na6 18. b5 cxb5 19. cxb5 Nc5 20. Bd4 Nfd7 21. Qa7 Qa8 22. Ra1 Qxa7 23. Rxa7 Bd6 24. Ne1 Rc8 25. Be3 Bc7 26. Ra2 Bd6 27. Ra7 Bc7 28. Nc2 Bb6 29. Ra2 Kf8 30. Nb4 Ke8 31. h4 Kd8 32. g4 Nf6 33. Bf3 Ncd7 34. Bxb6+ Nxb6 35. g5 hxg5 36. hxg5 Ne8 37. Nb3 Nd6 38. Ra5 Rc3 39. Nd4 Rc1+ 40. Kg2 Rb1 41. Ndc2 Rb2 42. Bh5 e5 43. e3 Bf5 44. Ra1 Bd7 45. Ra2 Rb1 46. Bf3 e4 47. dxe4 dxe4 48. Be2 Nxb5 49. Ra5 Nc3 50. Bf1 Bg4 51. Ra1 Rb2 52. Ra3 Nb1 53. Ra1 Bd1 54. Kg3 Kc7 55. Bg2 Nc3 56. Rxd1 Nxd1 57. Bxe4 Nc3 58. Bf3 Nc4 59. Kf4 b5 60. Bc6 Rxc2 61. Nxc2 Kxc6 62. g6 Nd5+ 63. Kf5 Ne7+ 64. Kg5 Nxg6 65. f4 Ne7 66. e4 Kc5 67. e5 b4 68. f5 b3 0-1

[Event "46th GRE-chT Premier 2018"]
[Site "Rio Achaia"]
[Date "2018.07.11"]
[Round "3"]
[White "Sandalakis, Angelos"]
[Black "Pappas, Andreas"]
[Result "1-0"]
[WhiteElo "2448"]
[BlackElo "2019"]
[Annotator "TA"]
[PlyCount "55"]
[EventDate "2018.07.10"]
[EventType "team-tourn"]
[EventCountry "GRE"]
[SourceTitle "playchess.com"]
[Source "ChessBase"]
[SourceQuality "1"]

1. e4 g6 2. d4 Bg7 3. Nc3 c5 4. d5 d6 5. Be3 Bxc3+ 6. bxc3 Qa5 7. Qd2 f5 8. exf5 Bxf5 9. f3 Nf6 10. c4 Qa4 11. Bd3 Na6 12. Ne2 Bxd3 13. cxd3 Nb4 14. Nc3 Qc2 15. Ke2 Qxd2+ 16. Kxd2 O-O 17. Rhe1 Kf7 18. Nb5 Rfc8 19. Bg5 a6 20. Nc3 a5 21. Re6 Rd8 22. Bxf6 exf6 23. Ne4 f5 24. Nxd6+ Kf8 25. Nxb7 Rdc8 26. a3 Na6 27. d6 Re8 28. Rae1 1-0

[Event "46th GRE-chT Premier 2018"]
[Site "Rio Achaia"]
[Date "2018.07.11"]
[Round "3"]
[White "Zawadzka, Jolanta"]
[Black "Szczepkowska, Karina"]
[Result "1/2-1/2"]
[WhiteElo "2439"]
[BlackElo "2396"]
[Annotator "TA"]
[PlyCount "46"]
[EventDate "2018.07.10"]
[EventType "team-tourn"]
[EventCountry "GRE"]
[SourceTitle "playchess.com"]
[Source "ChessBase"]
[SourceQuality "1"]

1. e4 c5 2. Nf3 Nc6 3. d4 cxd4 4. Nxd4 Nf6 5. Nc3 e5 6. Ndb5 d6 7. Bg5 a6 8. Na3 b5 9. Nd5 Qa5+ 10. Bd2 Qd8 11. Bg5 Be7 12. Bxf6 Bxf6 13. c3 Bg5 14. Be2 O-O 15. O-O Ne7 16. Nc2 Nxd5 17. Qxd5 Be6 18. Qd3 Qb6 19. Nb4 Bc4 20. Qc2 Be6 21. Qd3 Bc4 22. Qc2 Be6 23. Qd3 Bc4 1/2-1/2

[Event "46th GRE-chT Premier 2018"]
[Site "Rio Achaia"]
[Date "2018.07.11"]
[Round "3"]
[White "Barski, Radoslaw"]
[Black "Tzermiadianos, Andreas"]
[Result "0-1"]
[WhiteElo "2431"]
[BlackElo "2437"]
[Annotator "TA"]
[PlyCount "73"]
[EventDate "2018.07.10"]
[EventType "team-tourn"]
[EventCountry "GRE"]
[SourceTitle "playchess.com"]
[Source "ChessBase"]
[SourceQuality "1"]

1. e4 c5 2. Nf3 Nc6 3. Nc3 e5 4. Bc4 d6 5. d3 Be7 6. O-O Nf6 7. Ng5 O-O 8. f4 h6 9. Nf3 exf4 10. Bxf4 Be6 11. Nd5 Na5 12. Nxe7+ Qxe7 13. Bxe6 Qxe6 14. Nh4 Nc6 15. Nf5 Rfd8 16. Qf3 Kh7 17. Qg3 Nh5 18. Qg4 Qg6 19. Qh3 d5 20. Bd6 dxe4 21. dxe4 Nd4 22. Bxc5 Nf4 23. Rxf4 Ne2+ 24. Kh1 Nxf4 25. Qf3 Ne6 26. Be3 Ng5 27. Bxg5 Qxg5 28. Ne3 Rd2 29. h3 Kg8 30. Rf1 f6 31. Nf5 Re8 32. g3 Kh8 33. h4 Qg6 34. Qf4 Red8 35. Ne7 Qh5 36. Qf3 Qxf3+ 37. Rxf3 0-1

[Event "46th GRE-chT Premier 2018"]
[Site "Rio Achaia"]
[Date "2018.07.11"]
[Round "3"]
[White "Grivas, Efstratios"]
[Black "Safarli, Eltaj"]
[Result "1/2-1/2"]
[WhiteElo "2431"]
[BlackElo "2667"]
[Annotator "TA"]
[PlyCount "52"]
[EventDate "2018.07.10"]
[EventType "team-tourn"]
[EventCountry "GRE"]
[SourceTitle "playchess.com"]
[Source "ChessBase"]
[SourceQuality "1"]

1. d4 Nf6 2. Nf3 g6 3. c4 Bg7 4. Nc3 d5 5. Bg5 Ne4 6. Bh4 Nxc3 7. bxc3 dxc4 8. Qa4+ c6 9. Qxc4 Qa5 10. e4 Na6 11. Rc1 Be6 12. Qd3 Rd8 13. Qe3 Qxa2 14. Bd3 Bc4 15. O-O Bxd3 16. Qxd3 Qe6 17. c4 O-O 18. d5 Qd7 19. Qa3 Rfe8 20. Rfd1 Rc8 21. h3 cxd5 22. cxd5 Rxc1 23. Rxc1 Bf8 24. Qc3 Bg7 25. Qa3 Bf8 26. Qc3 Bg7 1/2-1/2

[Event "46th GRE-chT Premier 2018"]
[Site "Rio Achaia"]
[Date "2018.07.11"]
[Round "3"]
[White "Vlachos, Anatole"]
[Black "Karousos-Theodorakis, Nikolaos"]
[Result "1-0"]
[WhiteElo "2428"]
[BlackElo "2255"]
[Annotator "TA"]
[PlyCount "73"]
[EventDate "2018.07.10"]
[EventType "team-tourn"]
[EventCountry "GRE"]
[SourceTitle "playchess.com"]
[Source "ChessBase"]
[SourceQuality "1"]

1. Nf3 c5 2. g3 Nc6 3. Bg2 g6 4. O-O Bg7 5. c4 d6 6. Nc3 e6 7. a3 Nge7 8. b4 O-O 9. bxc5 dxc5 10. Bb2 b6 11. d3 Bb7 12. Qd2 Qd7 13. e3 Na5 14. Rad1 Rad8 15. Qc2 Bc6 16. Ne4 Ba4 17. Qc1 f6 18. Bh3 Bxd1 19. Rxd1 Qc6 20. Qa1 e5 21. Bg2 Qd7 22. Nc3 Kh8 23. Ne1 a6 24. a4 Nac6 25. f4 exf4 26. gxf4 Nb4 27. a5 Qe6 28. axb6 Qxe3+ 29. Kh1 Rxd3 30. Nxd3 Nxd3 31. Ne4 Nxb2 32. Qxb2 Rb8 33. b7 f5 34. Qd2 Qxd2 35. Nxd2 Bd4 36. Nb3 Be3 37. Re1 1-0

[Event "46th GRE-chT Premier 2018"]
[Site "Rio Achaia"]
[Date "2018.07.11"]
[Round "3"]
[White "Secheres, Adrian-Simion"]
[Black "Nedev, Trajko"]
[Result "1/2-1/2"]
[WhiteElo "2415"]
[BlackElo "2490"]
[Annotator "TA"]
[PlyCount "51"]
[EventDate "2018.07.10"]
[EventType "team-tourn"]
[EventCountry "GRE"]
[SourceTitle "playchess.com"]
[Source "ChessBase"]
[SourceQuality "1"]

1. d4 Nf6 2. c4 g6 3. Nc3 Bg7 4. e4 d6 5. Be2 O-O 6. Bg5 Na6 7. f4 c6 8. Qd2 d5 9. exd5 cxd5 10. Bxf6 exf6 11. Nxd5 b5 12. Nf3 bxc4 13. Ne3 Re8 14. Kf2 Rb8 15. Rac1 g5 16. Bxc4 g4 17. Nxg4 Bxg4 18. Bxa6 Bxf3 19. gxf3 f5 20. Rhg1 Kh8 21. Rcd1 Qxd4+ 22. Qxd4 Bxd4+ 23. Rxd4 Rxb2+ 24. Kf1 Rb1+ 25. Kf2 Rb2+ 26. Kf1 1/2-1/2

[Event "46th GRE-chT Premier 2018"]
[Site "Rio Achaia"]
[Date "2018.07.11"]
[Round "3"]
[White "Papadopoulos, Ioannis K"]
[Black "Papadopoulos, Argirios"]
[Result "1-0"]
[WhiteElo "2410"]
[BlackElo "2256"]
[Annotator "TA"]
[PlyCount "71"]
[EventDate "2018.07.10"]
[EventType "team-tourn"]
[EventCountry "GRE"]
[SourceTitle "playchess.com"]
[Source "ChessBase"]
[SourceQuality "1"]

1. Nf3 Nf6 2. g3 b5 3. Bg2 Bb7 4. d4 e6 5. O-O Be7 6. c3 O-O 7. a4 b4 8. a5 c5 9. cxb4 cxb4 10. Nbd2 d5 11. Ne5 Nfd7 12. Ndf3 Bd6 13. Bf4 Nxe5 14. dxe5 Bc5 15. Qc2 Na6 16. Ng5 g6 17. h4 Rc8 18. Qd2 Be7 19. Rfd1 Nc5 20. Qe3 Ba6 21. Nf3 Bc4 22. Nd4 b3 23. Bh6 Re8 24. h5 Bf8 25. hxg6 hxg6 26. Bxf8 Rxf8 27. Qh6 Qe7 28. f4 Rfe8 29. Kf2 Qf8 30. Qg5 Qg7 31. Rh1 Nd7 32. Rh6 Nf8 33. Rah1 Nh7 34. Qh4 g5 35. Qh5 gxf4 36. gxf4 1-0

[Event "46th GRE-chT Premier 2018"]
[Site "Rio Achaia"]
[Date "2018.07.11"]
[Round "3"]
[White "Kanakaris, Georgios"]
[Black "Mihok, Oliver"]
[Result "0-1"]
[WhiteElo "2409"]
[BlackElo "2550"]
[Annotator "TA"]
[PlyCount "119"]
[EventDate "2018.07.10"]
[EventType "team-tourn"]
[EventCountry "GRE"]
[SourceTitle "playchess.com"]
[Source "ChessBase"]
[SourceQuality "1"]

1. d4 Nf6 2. c4 g6 3. Nc3 Bg7 4. g3 O-O 5. Bg2 d6 6. e3 e5 7. Nge2 c6 8. O-O Re8 9. d5 e4 10. h3 h5 11. b4 a5 12. bxa5 cxd5 13. cxd5 Rxa5 14. Rb1 Na6 15. Rb5 Nc5 16. Nd4 Bd7 17. Rxa5 Qxa5 18. Bd2 Qa6 19. Qc2 Re5 20. Rb1 Qa8 21. Ndb5 Qb8 22. Na3 Nxd5 23. Nc4 Nxc3 24. Nxe5 Ne2+ 25. Kf1 Nxg3+ 26. fxg3 Bxe5 27. Be1 Qd8 28. Qd2 Bc6 29. Kg1 Nd3 30. a4 Nxe1 31. Qxe1 Qg5 32. a5 Bxg3 33. Qd2 Be5 34. Rb6 Qd8 35. Rb1 Qd7 36. Rc1 Kg7 37. Qc2 Bd5 38. Rd1 Qb5 39. Qd2 Bc6 40. Bf1 Qb3 41. Rc1 Bb5 42. Bxb5 Qxb5 43. Rd1 Qb3 44. Rf1 d5 45. Rd1 d4 46. exd4 Bf4 47. Qe2 Qxh3 48. Re1 Bg3 49. Rd1 Bh2+ 50. Qxh2 Qg4+ 51. Kf2 Qxd1 52. Qe5+ Kh7 53. Qxe4 Qd2+ 54. Kf3 Qc3+ 55. Ke2 Qb2+ 56. Kf3 Qb5 57. Ke3 Qg5+ 58. Kd3 Qf5 59. d5 Kg7 60. Kd4 0-1

[Event "46th GRE-chT Premier 2018"]
[Site "Rio Achaia"]
[Date "2018.07.11"]
[Round "3"]
[White "Papadopoulos, Georgios"]
[Black "Morozov, Nichita"]
[Result "1/2-1/2"]
[WhiteElo "2352"]
[BlackElo "2429"]
[Annotator "TA"]
[PlyCount "120"]
[EventDate "2018.07.10"]
[EventType "team-tourn"]
[EventCountry "GRE"]
[SourceTitle "playchess.com"]
[Source "ChessBase"]
[SourceQuality "1"]

1. d4 Nf6 2. Bf4 c5 3. e3 Qb6 4. Nc3 cxd4 5. exd4 d6 6. Bb5+ Bd7 7. a4 a6 8. a5 Qc7 9. Bxd7+ Nbxd7 10. Nge2 e5 11. Bg5 h6 12. Bh4 g6 13. O-O Bg7 14. dxe5 dxe5 15. Nd5 Nxd5 16. Qxd5 O-O 17. Nc3 Nc5 18. Qc4 g5 19. Nd5 Qd6 20. Bg3 Rac8 21. Rad1 Qe6 22. Nb6 Qxc4 23. Nxc4 Ne6 24. b3 Rfd8 25. Rxd8+ Rxd8 26. Rc1 Rd5 27. f3 f5 28. Bf2 e4 29. fxe4 fxe4 30. Kf1 Bc3 31. Bb6 Rf5+ 32. Kg1 Nf4 33. Rd1 Ne2+ 34. Kh1 Rf7 35. g3 Kh7 36. Kg2 g4 37. Rf1 Rd7 38. Kf2 Nd4 39. Bxd4 Bxd4+ 40. Ke2 Re7 41. Rf4 h5 42. Nd2 Bc3 43. Rxe4 Rxe4+ 44. Nxe4 Bb4 45. c3 Bxa5 46. b4 Bb6 47. Nd6 a5 48. bxa5 Bxa5 49. Kd3 Bc7 50. Nxb7 h4 51. gxh4 Bxh2 52. Ke3 Kg6 53. Kf2 Kh5 54. Kg2 Be5 55. c4 Kxh4 56. c5 Kg5 57. Nd6 Bxd6 58. cxd6 Kf6 59. Kg3 Ke6 60. Kxg4 Kxd6 1/2-1/2

[Event "46th GRE-chT Premier 2018"]
[Site "Rio Achaia"]
[Date "2018.07.11"]
[Round "3"]
[White "Mitsis, Georgios"]
[Black "Yilmaz, Mustafa"]
[Result "0-1"]
[WhiteElo "2350"]
[BlackElo "2624"]
[Annotator "TA"]
[PlyCount "68"]
[EventDate "2018.07.10"]
[EventType "team-tourn"]
[EventCountry "GRE"]
[SourceTitle "playchess.com"]
[Source "ChessBase"]
[SourceQuality "1"]

1. d4 Nf6 2. Nf3 e6 3. c4 c5 4. d5 d6 5. Nc3 exd5 6. cxd5 g6 7. Nd2 Nbd7 8. e4 Bg7 9. Be2 O-O 10. O-O Re8 11. a4 a6 12. Ra3 Ne5 13. Re1 Bg4 14. f3 Bd7 15. Qc2 Nh5 16. Nf1 f5 17. f4 Ng4 18. Bxg4 fxg4 19. g3 b5 20. axb5 axb5 21. Rxa8 Qxa8 22. Nd1 Nf6 23. Nf2 Nxd5 24. Qd1 Nb4 25. Qxd6 Qc6 26. Qxc6 Bxc6 27. Re2 c4 28. Be3 h5 29. e5 Bf8 30. Nd2 Ra8 31. Nf1 Bf3 32. Rd2 Nd5 33. Bd4 Ra1 34. Rc2 Re1 0-1

[Event "46th GRE-chT Premier 2018"]
[Site "Rio Achaia"]
[Date "2018.07.11"]
[Round "3"]
[White "Naoum, Spyridon"]
[Black "Pavlidis, Antonios"]
[Result "0-1"]
[WhiteElo "2335"]
[BlackElo "2564"]
[Annotator "TA"]
[PlyCount "88"]
[EventDate "2018.07.10"]
[EventType "team-tourn"]
[EventCountry "GRE"]
[SourceTitle "playchess.com"]
[Source "ChessBase"]
[SourceQuality "1"]

1. d4 Nf6 2. c4 g6 3. Nc3 Bg7 4. Nf3 d6 5. e4 O-O 6. Be2 Na6 7. O-O e5 8. Re1 Bg4 9. Be3 exd4 10. Nxd4 Bxe2 11. Qxe2 c6 12. Rad1 Re8 13. f3 Nd7 14. a3 Nac5 15. Qc2 a5 16. b4 axb4 17. axb4 Na6 18. Na2 Ne5 19. c5 d5 20. Bf2 Nc7 21. Nc3 Nc4 22. Nb3 Qg5 23. g3 Qf6 24. Nd4 Ne6 25. f4 Qd8 26. Nce2 Nf8 27. exd5 cxd5 28. Nc3 Qd7 29. b5 Ne6 30. Nxe6 fxe6 31. b6 Qc6 32. Ne2 Nxb6 33. Nd4 Bxd4 34. Bxd4 Nc4 35. Ra1 Rxa1 36. Rxa1 Nd6 37. Rb1 Nf5 38. Qc3 Rc8 39. Bf2 d4 40. Bxd4 Qe4 41. Rb4 Rd8 42. c6 bxc6 43. Bf6 Qe2 44. Bxd8 Ne3 0-1

[Event "46th GRE-chT Premier 2018"]
[Site "Rio Achaia"]
[Date "2018.07.11"]
[Round "3"]
[White "Antova, Gabriela"]
[Black "Paehtz, Elisabeth"]
[Result "0-1"]
[WhiteElo "2301"]
[BlackElo "2489"]
[Annotator "TA"]
[PlyCount "74"]
[EventDate "2018.07.10"]
[EventType "team-tourn"]
[EventCountry "GRE"]
[SourceTitle "playchess.com"]
[Source "ChessBase"]
[SourceQuality "1"]

1. d4 e6 2. c4 b6 3. Nf3 Bb7 4. a3 f5 5. Nc3 Nf6 6. g3 g6 7. Bg2 Bg7 8. O-O Ne4 9. Nxe4 Bxe4 10. Bg5 Qc8 11. Ne1 Bxg2 12. Nxg2 Qa6 13. Rc1 O-O 14. Re1 c5 15. Be3 Rc8 16. Qd3 Nc6 17. dxc5 Ne5 18. Qd6 Rc6 19. Qe7 bxc5 20. Red1 Bf8 21. Qh4 Qb7 22. h3 d6 23. Rd2 Rb8 24. Bg5 Rb6 25. Rcc2 Nf7 26. Bf6 Bh6 27. f4 Rb3 28. Kh2 Bg7 29. Ne1 Re3 30. Ng2 Re4 31. b4 cxb4 32. axb4 Qc7 33. c5 d5 34. c6 Rbxb4 35. Rd3 Rbc4 36. Rb2 Rxc6 37. Ne3 g5 0-1

[Event "46th GRE-chT Premier 2018"]
[Site "Rio Achaia"]
[Date "2018.07.12"]
[Round "3"]
[White "Cibickova, Zuzana"]
[Black "Videnova, Iva"]
[Result "0-1"]
[WhiteElo "2292"]
[BlackElo "2369"]
[Annotator "TA"]
[PlyCount "422"]
[EventDate "2018.07.10"]
[EventType "team-tourn"]
[EventCountry "GRE"]
[SourceTitle "playchess.com"]
[Source "ChessBase"]
[SourceQuality "1"]

1. Nf3 c5 2. c4 g6 3. d4 cxd4 4. Nxd4 Nf6 5. Nc3 Nc6 6. e4 d6 7. Be2 Nxd4 8. Qxd4 Bg7 9. Bg5 O-O 10. O-O a5 11. Rac1 a4 12. Rfd1 h6 13. Bxf6 Bxf6 14. Qe3 Ra5 15. Qd2 Be6 16. Nd5 Bxd5 17. exd5 Bg5 18. f4 Bf6 19. Rc2 Qb6+ 20. Kh1 Rc5 21. Bd3 Qa5 22. Qxa5 Rxa5 23. Be2 Rc8 24. Rcd2 Rcc5 25. Kg1 Ra6 26. b4 axb3 27. axb3 Bc3 28. Rc2 Bb4 29. Rb2 Rca5 30. Kf2 Ra3 31. Rd3 Ra1 32. Rd1 R1a3 33. Rd3 Kg7 34. g4 Ra1 35. Rd1 R1a3 36. Rd3 R6a5 37. Kf3 Ra1 38. Rd1 Rxd1 39. Bxd1 Ra1 40. Be2 Kf6 41. Bd3 g5 42. fxg5+ hxg5 43. Re2 Rf1+ 44. Kg2 Rd1 45. Bc2 Rc1 46. Kf3 Bc5 47. Kg2 Rg1+ 48. Kf3 b6 49. Bf5 Rc1 50. Bc2 Rf1+ 51. Kg2 Rg1+ 52. Kf3 Bd4 53. Rg2 Rh1 54. Re2 Be5 55. b4 Bc3 56. b5 Be5 57. Rf2 Bf4 58. Re2 Be5 59. Bd3 Ra1 60. Bc2 Ra3+ 61. Re3 Ra8 62. h3 Ra2 63. Re2 Ra1 64. Kg2 Bf4 65. Rf2 Ra3 66. Rf3 Ra2 67. Rf2 Kg7 68. Bd1 Ra1 69. Be2 Be3 70. Rf1 Ra2 71. Kf3 Bd4 72. Rd1 Be5 73. Bf1 Kf6 74. Bd3 Ra3 75. Ke4 e6 76. Rf1+ Bf4 77. Rd1 Ra2 78. Bf1 Rf2 79. dxe6 fxe6 80. Kd3 Rb2 81. Ke4 Rb4 82. Kf3 Be5 83. Bd3 Rb3 84. Ke4 Ke7 85. Rd2 Bf4 86. Rd1 Rb4 87. Kf3 Be5 88. Ke4 Bf6 89. Ke3 Rb2 90. Bf1 Be5 91. Kf3 Rb3+ 92. Bd3 d5 93. cxd5 exd5 94. Ke3 Kd6 95. Rb1 Ra3 96. Kd2 Kc5 97. Ke3 Bf4+ 98. Ke2 Kd4 99. Rd1 Ke5 100. Kf3 Rb3 101. Ke2 Rb2+ 102. Kf3 Rb3 103. Ke2 d4 104. Ra1 Rb2+ 105. Kf3 Rd2 106. Bf1 Be3 107. Be2 Bf4 108. Rd1 Rb2 109. Bc4 Be3 110. Be2 Ra2 111. Rd3 Ra8 112. Rd1 Rf8+ 113. Kg3 Bf4+ 114. Kf3 Kd5 115. Bd3 Re8 116. Bf1 Re3+ 117. Kf2 Bg3+ 118. Kg1 Bd6 119. Kf2 Bg3+ 120. Kg1 Ke4 121. Bg2+ Ke5 122. Bf1 Bf4 123. Kf2 Rb3 124. Bd3 Rb2+ 125. Kf3 Be3 126. Be2 Kd5 127. Rd3 Kc5 128. Rd1 Bd2 129. Ke4 Bc3 130. Kf3 Kb4 131. Bd3 Bd2 132. Ke4 Be3 133. Rb1 Rxb1 134. Bxb1 Kxb5 135. Kd3 Kc5 136. Ba2 Kb4 137. Be6 Ka3 138. Bd7 Kb4 139. Be8 Kc5 140. Bd7 Kd5 141. Bb5 Ke5 142. Kc2 Kf4 143. Bf1 Kf3 144. Bc4 Kg2 145. Be6 Kxh3 146. Bd7 Kg3 147. Kd3 Kf3 148. Kc2 Bf2 149. Kd2 Ke4 150. Bc6+ Ke5 151. Kd3 Be1 152. Bb5 Kd5 153. Bd7 Kc5 154. Be8 Kd5 155. Bb5 Ke5 156. Ba4 Bb4 157. Bb5 Kf4 158. Bd7 Bc5 159. Ke2 Ke4 160. Bc6+ Ke5 161. Bb5 Kf4 162. Bd7 Be7 163. Kd3 Bf6 164. Ke2 Kg3 165. Kd2 Kf3 166. Kd3 Be5 167. Kd2 Bd6 168. Kd3 Bc5 169. Kd2 Bb4+ 170. Kd3 Bc3 171. Kc2 b5 172. Bxb5 Kxg4 173. Kd3 Kf3 174. Bc6+ Kg3 175. Ke2 g4 176. Bd7 Kh4 177. Bc6 Ba5 178. Bb7 Bb6 179. Bc6 Kh3 180. Bd7 Kg3 181. Bc8 Kf4 182. Bb7 Bc5 183. Bc6 Ba3 184. Bb7 Bc1 185. Bc6 Be3 186. Bb7 Ke5 187. Bc8 g3 188. Bb7 Kd6 189. Bg2 Kc5 190. Kd3 Kb4 191. Bd5 Bf2 192. Bg2 Kb3 193. Kd2 Be3+ 194. Kd3 Kb2 195. Ke2 Kc3 196. Bf3 Bf4 197. Be4 Bc7 198. Bf5 Bd8 199. Be4 Bh4 200. Bg2 d3+ 201. Kd1 Kd4 202. Kd2 Bg5+ 203. Ke1 Bd8 204. Bh3 Ba5+ 205. Kf1 Kc3 206. Bg4 d2 207. Bd1 Kb2 208. Ba4 Kc1 209. Ke2 Bb6 210. Kf3 Bf2 211. Ke2 Be1 0-1